File Structures : (Record no. 13557)
[ view plain ]
| 000 -LEADER | |
|---|---|
| fixed length control field | 01227cam a2200277 a 4500 |
| 001 - CONTROL NUMBER | |
| control field | 4017340 |
| 005 - DATE AND TIME OF LATEST TRANSACTION | |
| control field | 19990219110016.4 |
| 008 - FIXED-LENGTH DATA ELEMENTS--GENERAL INFORMATION | |
| fixed length control field | 970905s1998 maua |rb 001 0 eng |
| 010 ## - LIBRARY OF CONGRESS CONTROL NUMBER | |
| LC control number | 97031670 |
| 020 ## - INTERNATIONAL STANDARD BOOK NUMBER | |
| International Standard Book Number | 0201874016 |
| 040 ## - CATALOGING SOURCE | |
| Original cataloging agency | DLC |
| Transcribing agency | DLC |
| Modifying agency | DLC |
| 050 00 - LIBRARY OF CONGRESS CALL NUMBER | |
| Classification number | QA76.73.C153 |
| Item number | F65 1998 |
| 082 00 - DEWEY DECIMAL CLASSIFICATION NUMBER | |
| Classification number | 005.741 |
| Edition number | 22 |
| Item number | FOL |
| 100 1# - MAIN ENTRY--PERSONAL NAME | |
| Personal name | Folk, Michael J. |
| 9 (RLIN) | 12121 |
| 245 10 - TITLE STATEMENT | |
| Title | File Structures : |
| Remainder of title | An Object-Oriented Approach with C++ / |
| Statement of responsibility, etc | Michael J. Folk, Bill Zoellick, Greg Riccardi. |
| 260 ## - PUBLICATION, DISTRIBUTION, ETC. (IMPRINT) | |
| Place of publication, distribution, etc | Reading, Mass. : |
| Name of publisher, distributor, etc | Addison-Wesley, 1998 |
| Date of publication, distribution, etc | c1998. |
| 300 ## - PHYSICAL DESCRIPTION | |
| Extent | xxiv, 724 p. : |
| Other physical details | ill. ; |
| Dimensions | 25 cm. |
| 504 ## - BIBLIOGRAPHY, ETC. NOTE | |
| Bibliography, etc | Includes bibliographical references (p. 703-708) and index. |
| 650 #0 - SUBJECT ADDED ENTRY--TOPICAL TERM | |
| Topical term or geographic name as entry element | C++ (Computer program language) |
| 9 (RLIN) | 12122 |
| 650 #0 - SUBJECT ADDED ENTRY--TOPICAL TERM | |
| Topical term or geographic name as entry element | File organization (Computer science) |
| 9 (RLIN) | 12123 |
| 700 1# - ADDED ENTRY--PERSONAL NAME | |
| Personal name | Zoellick, Bill. |
| 9 (RLIN) | 12124 |
| 700 1# - ADDED ENTRY--PERSONAL NAME | |
| Personal name | Riccardi, Greg. |
| 9 (RLIN) | 12125 |
| 942 ## - ADDED ENTRY ELEMENTS (KOHA) | |
| Source of classification or shelving scheme | Dewey Decimal Classification |
| Item type | NB - Book (Non borrowing) |
| Withdrawn status | Item status | Source of classification or shelving scheme | Damaged status | Not for loan | Vendor | Home library | Current library | Shelving location | Date acquired | Source of acquisition | Total Checkouts | Full call number | Barcode | Date last seen | Date last borrowed | Koha item type | Public note |
|---|---|---|---|---|---|---|---|---|---|---|---|---|---|---|---|---|---|
| Dewey Decimal Classification | Baccah | Central Library | Central Library | Ground Floor | 02/03/2010 | Purchase | 1 | 005.741 FOL | 000020038 | 15/07/2025 | 14/03/2016 | Reference (NB) | Only for photocopying |